| 000 | 00653nam a22001937a 4500 | ||
|---|---|---|---|
| 005 | 2009042909599.0 | ||
| 008 | 090429t xxu||||| |||| 00| 0 eng d | ||
| 037 | _bDPL/DBAD | ||
| 040 |
_adpl _cdbad |
||
| 082 | _a530 | ||
| 245 | _aPhysics for you | ||
| 260 |
_aNew Delhi _bMahabir Singh, MTG Learning Media _c2009- |
||
| 300 |
_av. _c24 cm |
||
| 310 | _amonthly | ||
| 650 | _aPhysics | ||
| 270 |
_a406, Taj Apartment, Near Safdarjung Hospital, Ring Road` _bNew Delhi _e110029 _k46686000 _minfo@mtg.in |
||
| 942 |
_2ddc _cSR _h530 _mPHY _s1 |
||
| 999 |
_c25904 _d25904 |
||